|
|
|
|
| LEADER |
00000nab a2200000 a 4500 |
| 001 |
vtls000351317 |
| 003 |
SK-MaSNL |
| 005 |
20260304212925.0 |
| 008 |
140416c1988 xo 0 slo |
| 015 |
|
|
|a SNBRB19rr/mm-uuuuu
|
| 035 |
|
|
|a CL0351439
|
| 040 |
|
|
|a SNKBUCL
|b slo
|c SNKBUCL
|e AACR2
|
| 041 |
0 |
|
|a slo
|
| 044 |
|
|
|a xo
|c SK
|
| 080 |
|
|
|a 595.77
|2 1981
|
| 100 |
1 |
|
|a Krištofík, Ján,
|d 1950-
|4 aut
|9 27954
|
| 245 |
1 |
0 |
|a Soós, Á., Papp, L. (EDS) et. al.: Catalogue of Palaearctic Diptera. 5. vol. - Athericidae - Asilidae
|c J. Krištofík
|
| 650 |
0 |
7 |
|a dvojkrídlovce
|2 snkbucl
|9 782
|
| 650 |
0 |
7 |
|a Athericidae (čeľaď)
|2 snkbucl
|9 1545370
|
| 650 |
0 |
7 |
|a muchárkovité
|2 snkbucl
|9 53254
|
| 650 |
0 |
7 |
|a monografie
|2 snkbucl
|9 256509
|
| 655 |
|
7 |
|a recenzie
|2 snkbucl
|9 21907
|
| 773 |
0 |
|
|t Biológia
|g Roč. 43, č. 11 (1988), s. 1035-1036
|
| 787 |
0 |
8 |
|i Rec.:
|t Catalogue of Palaearctic Diptera. 5. vol - Athericidae - Asilidae
|d Budapest : Akadémiae Kiadó, 1988
|
| 850 |
|
|
|a Slovenská národná knižnica v Martine
|a MTA001
|
| 852 |
|
|
|a SNK
|b KIS3GCP
|
| 958 |
|
|
|a RK
|
| 992 |
|
|
|a RBX
|
| 999 |
|
|
|c 3133473
|d 3135403
|